| 000 | 00902nam a22002657a 4500 | ||
|---|---|---|---|
| 005 | 20220329141301.0 | ||
| 008 | 971010s1987 r 00010 d | ||
| 010 | _a65752 | ||
| 011 | _a66724 | ||
| 035 | _a75532 | ||
| 082 |
_a638.12 _bP69 |
||
| 100 | 0 | 0 |
_aPozo, Eduardo del. _991204 |
| 245 |
_aApicultura lucrativa _b: métodos prácticos para instalar y atender colmenas |
||
| 260 |
_aBuenos Aires : _bAlbatros, _c1987 |
||
| 300 |
_a184 p. _b: ilus. ; láms |
||
| 500 | _a1992-283 | ||
| 590 |
_aBATCH-UPD _b10 _c20130110 _lUCH01 _h0738 |
||
| 590 |
_aCONVERSION _b10 _c20130109 _lUCH01 _h1336 |
||
| 650 | 1 | 4 |
_aApicultura. _96241 |
| 700 | 0 |
_aSchopflocher, Roberto. _9103146 |
|
| 901 | _aBK | ||
| 949 |
_a638.12 P69 _bZA _cLIBRO _d-69557 _eLIBRO _fc.2 _h6088 _i75532 _si |
||
| 949 |
_a638.12 P69 _bZA _cLIBRO _d-69559 _eLIBRO _fc.3 _h6089 _i75532 _si |
||
| 949 |
_a638.12 P69 _bZA _cLIBRO _d-8478 _eLIBRO _h6087 _i75532 _si |
||
| 999 |
_c65752 _d65752 |
||